[Event "FSIMA June"]
[Site "Budapest HUN"]
[Date "2007.06.04"]
[Round "3"]
[White "Toth,E"]
[Black "Mayer,I"]
[Result "1-0"]
[WhiteElo "2298"]
[BlackElo "2186"]

1.d4 d5 2.c4 c6 3.Nc3 Nf6 4.e3 e6 5.Nf3 Nbd7 6.Qc2 Bd6 7.b3 Qe7 8.Be2 O-O
9.Bb2 b6 10.O-O Bb7 11.Rfd1 Rac8 12.Rac1 Rfe8 13.Qb1 a6 14.h3 h6 15.e4 dxe4
16.Nxe4 Nxe4 17.Qxe4 Nf6 18.Qe3 Ba3 19.Rc2 Bxb2 20.Rxb2 c5 21.Ne5 Rcd8 22.Rbd2 Ne4
23.Rd3 cxd4 24.Rxd4 Nc5 25.b4 Rxd4 26.Qxd4 Qg5 27.Bf3 f6 28.Bxb7 Nxb7 29.Nf3 Qf5
30.Qxb6 Qe4 31.Re1  1-0

[Event "29th Mem Nezhmetdinov"]
[Site "Kazan RUS"]
[Date "2007.06.04"]
[Round "4"]
[White "Talipov,N"]
[Black "Pavlov,Vi2"]
[Result "0-1"]
[WhiteElo "2021"]
[BlackElo "2098"]

1.d4 Nf6 2.c4 e6 3.Nf3 d5 4.Nc3 c6 5.e3 Bd6 6.Bd3 O-O 7.O-O dxc4 8.Bxc4 b5
9.Bd3 a6 10.e4 Be7 11.Bc2 Nbd7 12.Qd3 g6 13.Bg5 Bb7 14.a3 c5 15.Rad1 c4 16.Qd2 Nb6
17.Ne5 Qc7 18.Qe3 Rad8 19.Bh6 Rfe8 20.Qf4 Nbd7 21.Nxg6 Qxf4 22.Nxe7+ Rxe7
23.Bxf4 Ree8 24.Bg5 Rc8 25.f4 Kg7 26.e5 Nd5 27.Rf3 h6 28.Bh4 Rg8 29.Ne4 Kf8
30.Nd6 Rc7 31.Nxb7 Rxb7 32.f5 Ke8 33.Be4 Rg4 34.Bxd5 exd5 35.g3 Re4 36.Kf2 b4
37.a4 Rc7 38.Re3 Rxe3 39.Kxe3 c3 40.bxc3 Rxc3+ 41.Kd2 a5 42.Re1 Nb6 43.e6 Nc4+
44.Kd1 Ne3+ 45.Kd2 Nxf5 46.exf7+ Kxf7  0-1

[Event "35th World Open"]
[Site "King of Prussia USA"]
[Date "2007.06.04"]
[Round "8"]
[White "Kunte,A"]
[Black "Erenburg,S"]
[Result "1/2-1/2"]
[WhiteElo "2527"]
[BlackElo "2574"]

1.d4 d5 2.c4 c6 3.Nc3 Nf6 4.e3 e6 5.Nf3 Nbd7 6.Bd3 dxc4 7.Bxc4 b5 8.Bd3 Bb7
9.e4 b4 10.Na4 c5 11.e5 Nd5 12.dxc5 Nxc5 13.Bb5+ Nd7 14.Bg5 Qa5 15.Bxd7+ Kxd7
16.O-O Be7 17.b3 Rhc8 18.Nb2 Ba6 19.Re1 Qd8 20.Bxe7 Kxe7 21.Qd4 Kf8 22.a3 Qb6
23.Qe4 h6 24.Nc4 Bxc4 25.bxc4 Ne7 26.c5 Qxc5 27.axb4 Qc4 28.h4 Qxe4 29.Rxe4 Rcb8
30.Nd4 Nd5 31.b5 Nc3 32.Rf4 Kg8 33.Ra5 Rd8 34.Rf3 Rxd4 35.Rxc3  1/2-1/2

[Event "7th ch-Euro Senior"]
[Site "Hockenheim GER"]
[Date "2007.06.05"]
[Round "4"]
[White "Roehrl,K"]
[Black "Egger,H"]
[Result "1/2-1/2"]
[WhiteElo "2307"]
[BlackElo "1834"]

1.d4 d5 2.Nf3 Nf6 3.c4 c6 4.e3 e6 5.Nc3 Be7 6.Bd3 O-O 7.O-O Nbd7 8.b3 Bd6
9.Bb2 e5 10.cxd5 cxd5 11.Nb5 e4 12.Nxd6 exd3 13.Nxc8 Rxc8 14.Qxd3 Ne4 15.Rac1 Rxc1
16.Rxc1 Ndf6 17.Ne5 a6 18.Qc2 Qa5 19.a4 Qd2 20.Qxd2 Nxd2 21.b4 Nfe4 22.Rc7 f6
23.Nd7 Re8 24.Rxb7 Nc4 25.Bc1 Nc3 26.Rb8 Rxb8 27.Nxb8 Ne2+ 28.Kf1 Nxc1 29.Nxa6 Na2
30.b5 Nc3 31.Nc5 Kf7 32.g4 Ke7 33.Kg2 g5 34.Kg3 Ne2+ 35.Kf3 Nc3 36.Kg3  1/2-1/2

[Event "zt 2.3 w"]
[Site "Santo Domingo DOM"]
[Date "2007.06.05"]
[Round "8"]
[White "Han,Ir"]
[Black "Zepeda,S"]
[Result "1/2-1/2"]
[WhiteElo "2072"]
[BlackElo "2040"]

1.d4 d5 2.Nf3 e6 3.e3 Nf6 4.c4 c6 5.Nc3 Nbd7 6.Qc2 a6 7.b3 Bd6 8.Bb2 O-O
9.Bd3 Re8 10.O-O dxc4 11.bxc4 e5 12.dxe5 Nxe5 13.Nxe5 Bxe5 14.f4 Bd6 15.Ne4 Nxe4
16.Bxe4 f5 17.Bxf5 Bxf5 18.Qxf5 Rxe3 19.Bd4 Re7 20.Rad1 Qf8 21.Qg4 Rae8 22.Be5 Bc5+
23.Kh1 Qf7 24.Qe2 Ba7 25.Qd3 Bb8 26.Bxb8 Rxb8 27.f5 Rbe8 28.h3 Re3 29.Qd7 Re2
30.Qxf7+ Kxf7 31.Rb1 b5 32.cxb5 cxb5 33.a4 bxa4 34.Rb7+ R2e7 35.Rb6 a3 36.Rxa6 a2
37.Kg1 Rb8 38.f6 g5 39.Ra5 h6 40.g4 Re2 41.Ra6 Rb5 42.Ra7+ Kf8 43.Ra8+  1/2-1/2

[Event "ch-St Petersburg"]
[Site "St Petersburg RUS"]
[Date "2007.06.05"]
[Round "8"]
[White "Smirnov,Arte"]
[Black "Matlakov,M"]
[Result "0-1"]
[WhiteElo "2403"]
[BlackElo "2440"]

1.d4 d5 2.Nf3 Nf6 3.c4 c6 4.e3 e6 5.Nc3 Nbd7 6.Qc2 Bd6 7.b3 O-O 8.Be2 e5
9.cxd5 cxd5 10.Nb5 Bb4+ 11.Bd2 Bxd2+ 12.Nxd2 a6 13.Nc3 exd4 14.exd4 Nb8 15.Nf1 Nc6
16.Rd1 Qa5 17.Qd2 Be6 18.Ng3 Rac8 19.Na4 Nb4 20.O-O Rc2 21.Qe1 Rxa2 22.Rc1 Re8
23.Rc5 b5 24.Nc3 Rb2 25.Nxb5 Rxe2 26.Qxe2 axb5 27.Rxb5 Qa3 28.Qd2 Nc6 29.Rb6 Bd7
30.Re1 Qa7 31.Rxe8+ Bxe8 32.Rb5 Qa1+ 33.Nf1 Nxd4 34.Rb8 h6 35.Qe3 Ne6 36.h3 d4
37.Qd3 Qa7 38.Qb5 Qe7 39.Qc4 Kh7 40.Qd3+ g6 41.Qf3 Kg7 42.Qa8 Nf4 43.Qf3 Qc7
44.Rb7 Qc1 45.Rb6 d3 46.Rxf6 Ne2+  0-1

[Event "7th ch-Euro Senior"]
[Site "Hockenheim GER"]
[Date "2007.06.06"]
[Round "5"]
[White "Kaminik,A"]
[Black "Ofstad,P"]
[Result "1-0"]
[WhiteElo "2314"]
[BlackElo "2169"]

1.d4 d5 2.c4 e6 3.Nf3 Nf6 4.Nc3 c6 5.e3 Nbd7 6.b3 Bd6 7.Bb2 O-O 8.Bd3 e5
9.cxd5 cxd5 10.dxe5 Nxe5 11.Nxe5 Bxe5 12.f4 Bd6 13.O-O Re8 14.Qf3 Bc5 15.Rae1 d4
16.Na4 Bb4 17.Bxd4 Bxe1 18.Rxe1 Qxd4 19.exd4 Rxe1+ 20.Kf2 Re7 21.h3 Be6 22.Nc3 Rd8
23.Ne4 Rxd4 24.Nxf6+ gxf6 25.Qg3+ Kf8 26.Bxh7 Red7 27.Qg8+ Ke7 28.g4 Rd8
29.Qg7 Rxf4+ 30.Kg3 Rf1 31.Be4 Re1 32.Qh7 b6 33.Bf3 Rd2 34.Qh6 Rxa2 35.Qf4 Rg1+
36.Kh4 Rf1 37.Qb4+ Kd8 38.Qd6+ Kc8 39.Be4 Re1 40.b4 b5 41.Bc6 a6 42.Qe7 Ree2
43.Bb7+ Kb8 44.Bf3 Kc8 45.Bxe2 Rxe2 46.Qxf6 Re3 47.Qf2 Ra3 48.Qg2 Kb8 49.Kg5 a5
50.bxa5 b4 51.Qc6 Rxa5+ 52.Kf6 Ra3 53.h4 Rh3 54.h5 b3 55.Qg2 Rc3 56.h6 Rc2
57.Qg3+ Ka7 58.h7 Rc8 59.Kg7  1-0

[Event "7th ch-Euro Senior"]
[Site "Hockenheim GER"]
[Date "2007.06.06"]
[Round "5"]
[White "Butnorius,A"]
[Black "Farago,I"]
[Result "1/2-1/2"]
[WhiteElo "2402"]
[BlackElo "2501"]

1.d4 Nf6 2.c4 e6 3.Nf3 d5 4.Nc3 c6 5.e3 Nbd7 6.Qc2 Bd6 7.Bd3 O-O 8.O-O dxc4
9.Bxc4 a6 10.Rd1 b5 11.Be2 Qc7 12.e4 e5 13.g3 Re8 14.dxe5 Nxe5 15.Bg5 Nxf3+
16.Bxf3 Ng4 17.Qe2 Ne5 18.Bg2 f6 19.Bf4 Be6 20.Rac1 Rad8 21.h3 g5 22.Be3 Nc4
23.Bd4 Qf7 24.b3 c5 25.Bxf6 Qxf6 26.bxc4 Bxc4 27.Nd5 Bxd5 28.Rxd5 c4 29.Rcd1 Bf8
30.Qg4 Rxd5 31.Rxd5 Re5 32.h4 h6 33.hxg5 hxg5 34.Qc8 Kg7 35.Qc7+ Re7 36.Qc5 Re5
37.Qc7+ Re7 38.Qc5 Re5  1/2-1/2

[Event "7th ch-Euro Senior"]
[Site "Hockenheim GER"]
[Date "2007.06.07"]
[Round "6"]
[White "Jahr,D"]
[Black "Barlo,W"]
[Result "1/2-1/2"]
[WhiteElo "2059"]
[BlackElo "1871"]

1.c4 e6 2.Nc3 d5 3.d4 Nf6 4.e3 c6 5.Nf3 Bb4 6.Bd2 Nbd7 7.Rc1 O-O 8.a3 Bxc3
9.Bxc3 Ne4 10.Bd3 f5 11.O-O Nxc3 12.Rxc3 Nf6 13.Ne5 Ne4 14.Rc1 Bd7 15.f3 Ng5
16.b4 Nf7 17.f4 Nxe5 18.fxe5 a6 19.g3 Qg5 20.Qf3 Be8 21.cxd5 Bh5 22.Qf4 Qxf4
23.exf4 cxd5 24.Rc7 Rab8 25.Rfc1 Bf7 26.b5 axb5 27.Bxb5 Be8 28.Bxe8 Rfxe8
29.Rb1 b6 30.Rc6 b5 31.Rb3 Kf7 32.Rc5 Re7 33.Rcxb5 Rxb5 34.Rxb5 Ra7 35.Rb3 Ra4
36.Rd3 Rc4 37.h4 h5 38.Kf2 Ke7 39.Ke3 Kd7 40.Rb3 Kc7 41.Kd3 Ra4 42.Ke3 g6
43.Rc3+ Kb7 44.Rd3 Kb6 45.Rb3+ Kc7 46.Kd3 Kc6  1/2-1/2

[Event "FSGM June"]
[Site "Budapest HUN"]
[Date "2007.06.08"]
[Round "7"]
[White "Bluvshtein,M"]
[Black "Erdos,V"]
[Result "1/2-1/2"]
[WhiteElo "2520"]
[BlackElo "2518"]

1.d4 d5 2.c4 c6 3.Nf3 Nf6 4.Nc3 e6 5.e3 Nbd7 6.Qc2 Bd6 7.b3 O-O 8.Be2 b6
9.O-O Bb7 10.Bb2 Qe7 11.Rad1  1/2-1/2

[Event "7th ch-Euro Senior"]
[Site "Hockenheim GER"]
[Date "2007.06.08"]
[Round "7"]
[White "Taksrud,V"]
[Black "Jaenig,R"]
[Result "0-1"]
[WhiteElo "2099"]
[BlackElo "2176"]

1.d4 d5 2.c4 e6 3.Nf3 c6 4.e3 Nf6 5.Nc3 Nbd7 6.Qc2 Bd6 7.g4 dxc4 8.e4 e5
9.g5 exd4 10.Nxd4 Ng4 11.f4 Bc5 12.Qd2 Nde5 13.fxe5 Qxd4 14.Qxd4 Bxd4 15.Bxc4 Nxe5
16.Be2 Bh3 17.Bf4 Ng6 18.Bg3 Bg2 19.O-O-O Be3+ 20.Kc2 Bxh1 21.Rxh1 Bxg5 22.h4 Bf4
23.Bf2 O-O-O 24.Bxa7 Rd2+ 25.Kb3 h5 26.Rf1 b5 27.Bc5 Rh7 28.a3 f6 29.Rf3 Be5
30.Rf2 Kb7 31.Be3 Rd8 32.Na2 Bd4 33.Bxd4 Rxd4 34.Nc3 Ne5 35.Rf5 Rd2 36.Rf1 Kc7
37.Rf5 Kd8 38.Bf1 Rh2 39.Rf4 Ng6 40.Rf3 Rxh4 41.Rd3+ Ke7 42.Rd2 Ne5 43.Rf2 Rh1
44.Be2 h4 45.Nd1 h3 46.Ne3 g6 47.Bxb5 cxb5 48.Nd5+ Kf8 49.Rxf6+ Rf7  0-1

[Event "FSGM June"]
[Site "Budapest HUN"]
[Date "2007.06.09"]
[Round "8"]
[White "Bluvshtein,M"]
[Black "Kosic,D"]
[Result "1/2-1/2"]
[WhiteElo "2520"]
[BlackElo "2507"]

1.d4 d5 2.c4 c6 3.Nf3 Nf6 4.Nc3 e6 5.e3 Nbd7 6.Qc2 b6 7.cxd5 exd5 8.Bd3 Bb7
9.O-O Be7 10.e4 dxe4 11.Nxe4 O-O 12.Ne5 c5 13.Nxd7 Qxd7 14.Nxf6+ Bxf6 15.dxc5 g6
16.Rd1 Qc6 17.Bf1 bxc5 18.Be3 Rfc8 19.Rac1 a5 20.Rd2 a4 21.Rcd1 Be7 22.Rd7 Rc7
23.Rxc7 Qxc7 24.Qc3 Qc6 25.Rc1 Rc8 26.Qc4 Qd7 27.Qb5 Qxb5 28.Bxb5 Bd5 29.Bxa4 Bxa2
30.b3 c4 31.g3 c3 32.Ra1 c2 33.Rxa2 c1=Q+ 34.Bxc1 Rxc1+ 35.Kg2 Rb1 36.Kf3 h5
37.Rc2 h4 38.Kg4 Rh1 39.Kh3 hxg3 40.fxg3 Rb1 41.Kg4 Kg7 42.Kf4 Re1 43.Bb5 Bd6+
44.Kf3 f5 45.Rc6 Be7 46.Bc4 Re5 47.Rc7 Kf6 48.Rb7 g5 49.h3 f4 50.Rb6+ Kg7
51.gxf4 Rf5 52.Ke4 Rxf4+ 53.Ke5 Bf6+ 54.Ke6 Rf3 55.Rb7+ Kg6 56.Bd5 Re3+ 57.Kd6 Be5+
58.Ke7 Bd4+ 59.Be6 Bc5+ 60.Kd7 Kf6 61.Rb5 Rxe6 62.Rxc5 Re3 63.b4 Rxh3 64.b5 Rb3
65.Kc7 g4 66.b6 g3 67.b7 g2 68.Rc1 Kf5 69.Rg1 Rc3+ 70.Kd7  1/2-1/2

[Event "FSGM June"]
[Site "Budapest HUN"]
[Date "2007.06.09"]
[Round "8"]
[White "Bui Vinh"]
[Black "Haznedaroglu,K"]
[Result "1/2-1/2"]
[WhiteElo "2483"]
[BlackElo "2440"]

1.d4 d5 2.c4 c6 3.Nc3 Nf6 4.e3 e6 5.Nf3 Nbd7 6.Qc2 Bd6 7.b3 O-O 8.Be2 e5
9.cxd5 cxd5 10.Nb5 Bb4+ 11.Bd2 Bxd2+ 12.Nxd2 e4 13.O-O a6 14.Nc3 Nb6 15.Rfc1 Bg4
16.Qd1 h5 17.Nf1 Qd6 18.Rc2 Rac8 19.Rac1 Rc6 20.h3 Bxe2 21.Nxe2 Rfc8 22.Nd2 g6
23.Rxc6 Rxc6 24.Rxc6 Qxc6 25.Qc1 Qxc1+ 26.Nxc1 a5 27.Kf1 Kf8 28.Ke2 Nc8 29.Nb1 Nd6
30.Nc3 b5 31.a4 b4 32.Nb1 g5 33.Nd2 Ke7 34.Kf1 Nd7 35.Ne2 h4 36.g3  1/2-1/2

[Event "7th ch-Euro Senior"]
[Site "Hockenheim GER"]
[Date "2007.06.09"]
[Round "8"]
[White "Amrehn,F"]
[Black "Karl,H"]
[Result "1/2-1/2"]
[WhiteElo "2185"]
[BlackElo "2251"]

1.d4 d5 2.Nf3 c6 3.c4 Nf6 4.Nc3 e6 5.e3 Nbd7 6.Qc2 Bd6 7.Be2 O-O 8.O-O dxc4
9.Bxc4 e5 10.h3 Qe7 11.a3 e4 12.Ng5 Nb6 13.Ba2 Bf5 14.f3 Rae8 15.Bb1 Bg6  1/2-1/2

[Event "XXV Open"]
[Site "Novi Becej SRB"]
[Date "2007.06.09"]
[Round "1"]
[White "Misojcic,M"]
[Black "Kostic,Du"]
[Result "1-0"]
[WhiteElo "2254"]
[BlackElo "2020"]

1.d4 Nf6 2.Nf3 d5 3.c4 e6 4.Nc3 c6 5.e3 a6 6.a4 b6 7.Bd3 Bb7 8.O-O Nbd7 9.Qe2 Bd6
10.Rd1 Qc7 11.e4 dxe4 12.Nxe4 Nxe4 13.Bxe4 Nf6 14.Bc2 h6 15.b3 O-O 16.Bb2 Be7
17.Ne5 Rfd8 18.a5 c5 19.axb6 Qxb6 20.d5 exd5 21.cxd5 Bxd5 22.Nc4 Qb7 23.Na5 Qc7
24.Be5 Qb6 25.Bc3 Be6 26.Nc4 Qb7 27.Na5 Qc7 28.Rxd8+ Bxd8 29.Qd3 Kf8 30.Re1 Qd7
31.Qg3 Be7 32.Qf4 Bd8 33.Rd1 Nd5 34.Qc4 Qb5 35.Rxd5 Qxc4 36.bxc4 Bxd5 37.cxd5 Bc7
38.Kf1 f6 39.g3 Ke7 40.Nc4  1-0

[Event "Baden Challenge III"]
[Site "Neuhausen GER"]
[Date "2007.06.10"]
[Round "9"]
[White "Kuzubov,Y"]
[Black "Ris,R"]
[Result "1-0"]
[WhiteElo "2545"]
[BlackElo "2411"]

1.d4 d5 2.c4 c6 3.Nf3 Nf6 4.Nc3 e6 5.e3 Nbd7 6.Bd3 dxc4 7.Bxc4 b5 8.Bd3 Bb7
9.O-O Be7 10.e4 b4 11.e5 bxc3 12.exf6 Bxf6 13.bxc3 c5 14.Rb1 Qc8 15.Re1 O-O
16.Ng5 Bxg5 17.Bxg5 Re8 18.Qg4 f5 19.Qg3 c4 20.Bxc4 Be4 21.Bh6 Re7 22.Bxe6+ Kh8
23.Bxf5  1-0

[Event "ch-COL"]
[Site "Cartagena de Indias COL"]
[Date "2007.06.13"]
[Round "1"]
[White "Mosquera,M"]
[Black "Pena,Alf"]
[Result "1-0"]
[WhiteElo "2414"]
[BlackElo "2255"]

1.d4 Nf6 2.Nf3 d5 3.c4 c6 4.Nc3 e6 5.e3 Be7 6.Qc2 O-O 7.Bd2 Nbd7 8.O-O-O dxc4
9.Bxc4 c5 10.dxc5 Bxc5 11.Ne4 Nxe4 12.Qxe4 Nf6 13.Qe5 Bd6 14.Ba5 Bxe5 15.Bxd8 Bb8
16.Kb1 b6 17.Be7 Bb7 18.Bxf8 Kxf8 19.Rd8+ Ke7 20.Rhd1 Bc7 21.Rxa8 Bxa8 22.Bb5 Bd6
23.h3 Bd5 24.Kc2 Ne4 25.Rf1 Nc5 26.b3 Be4+ 27.Kd2 Bb7 28.Rc1 f6 29.Nd4  1-0

[Event "Atlantis Meestertienkamp"]
[Site "Groningen NED"]
[Date "2007.06.13"]
[Round "5"]
[White "Hoeksema,E"]
[Black "Drenchev,P"]
[Result "1-0"]
[WhiteElo "2369"]
[BlackElo "2447"]

1.d4 Nf6 2.c4 e6 3.Nf3 d5 4.Nc3 c6 5.e3 Nbd7 6.Qc2 Bd6 7.Bd3 O-O 8.O-O Qe7
9.c5 Bb8 10.e4 e5 11.exd5 cxd5 12.Bg5 e4 13.Nxd5 Qe8 14.Rfe1 exd3 15.Rxe8 dxc2
16.Ne7+ Kh8 17.Rxf8+ Nxf8 18.Nxc8 Ne6 19.Be3 Nd5 20.g3 Bf4 21.gxf4 Nexf4
22.Nd6 Nxe3 23.fxe3 Ne2+ 24.Kf1 c1=Q+ 25.Rxc1 Nxc1 26.Nxb7 Nxa2 27.d5 Nb4
28.d6 Rb8 29.Na5 Na6 30.c6 Kg8 31.Nd4 Kf8 32.b4 Ke8 33.Nb7 g6 34.b5 Nb4 35.d7+  1-0

[Event "XXV Open"]
[Site "Novi Becej SRB"]
[Date "2007.06.13"]
[Round "5"]
[White "Bodiroga,P"]
[Black "Sirotanovic,O"]
[Result "1-0"]
[WhiteElo "2430"]
[BlackElo "2268"]

1.d4 Nf6 2.c4 e6 3.Nf3 d5 4.Nc3 c6 5.e3 Nbd7 6.Qc2 Be7 7.Bd3 dxc4 8.Bxc4 b5
9.Bd3 a6 10.e4 h6 11.O-O Bb7 12.e5 Nd5 13.Nxd5 cxd5 14.Qe2 Qb6 15.Be3 O-O
16.Rad1 b4 17.Bb1 Rfe8 18.Ne1 a5 19.Qg4 f5 20.exf6 Bxf6 21.Nf3 Kh8 22.Ne5 Bxe5
23.dxe5 Qd8 24.Bxh6 gxh6 25.Qg6 Re7 26.Qxh6+ Kg8 27.Rd3 Rg7 28.Qxe6+ Rf7
29.Rg3+ Kf8 30.Bh7  1-0

[Event "Gorenje GM"]
[Site "Valjevo SRB"]
[Date "2007.06.13"]
[Round "1"]
[White "Georgiev,Ki"]
[Black "Roiz,M"]
[Result "1/2-1/2"]
[WhiteElo "2660"]
[BlackElo "2605"]

1.d4 Nf6 2.c4 c6 3.Nc3 d5 4.e3 e6 5.Nf3 Nbd7 6.Qc2 Bd6 7.g4 h6 8.Rg1 e5 9.h4 dxc4
10.g5 hxg5 11.hxg5 Nd5 12.Bxc4 exd4 13.Nxd4 Nxc3 14.Qxc3 Nb6 15.g6 fxg6 16.Bd2 Qf6
17.Bd3 g5 18.O-O-O Bd7 19.f4 Nd5 20.fxg5 Nxc3 21.gxf6 Nxd1 22.fxg7 Rg8 23.Bc4 O-O-O
24.Kxd1 Be5 25.Bxg8 Rxg8 26.Bc3 Rxg7 27.Rxg7 Bxg7 28.Kd2 Bxd4  1/2-1/2

[Event "11th Master Open"]
[Site "Voronezh RUS"]
[Date "2007.06.13"]
[Round "2"]
[White "Gasanov,E"]
[Black "Lastin,A"]
[Result "0-1"]
[WhiteElo "2486"]
[BlackElo "2590"]

1.d4 d5 2.c4 c6 3.Nc3 Nf6 4.e3 e6 5.Nf3 a6 6.b3 Bb4 7.Bd2 Nbd7 8.Bd3 O-O
9.O-O Bd6 10.e4 dxc4 11.bxc4 e5 12.c5 Bc7 13.Na4 exd4 14.h3 h6 15.Re1 Re8
16.Rb1 Rb8 17.Rb4 Qe7 18.e5 Nd5 19.Rc4 Qf8 20.e6 Rxe6 21.Rxe6 fxe6 22.Rxd4 e5
23.Rc4 N7f6 24.Qe1 e4 25.Rxe4 Bf5 26.Rd4 Bxd3 27.Rxd3 Re8 28.Qb1 Ne4 29.Be3 Re7
30.Rb3 Nxe3 31.fxe3 Bg3 32.Nc3 Nxc5 33.Rb4 Rxe3 34.Rg4 Re1+ 35.Qxe1 Bxe1
36.Nxe1 Qf6  0-1

[Event "Salongernas IM"]
[Site "Stockholm SWE"]
[Date "2007.06.14"]
[Round "6"]
[White "Lund,E"]
[Black "Mikkelsen,N"]
[Result "1/2-1/2"]
[WhiteElo "2309"]
[BlackElo "2294"]

1.d4 d5 2.c4 c6 3.Nf3 Nf6 4.Nc3 e6 5.e3 Nbd7 6.Bd3 dxc4 7.Bxc4 b5 8.Be2 Bb7
9.O-O a6 10.e4 c5 11.e5 Nd5 12.a4 b4 13.Ne4 Qc7 14.Re1 h6 15.Bf1 Be7 16.dxc5 Nxc5
17.Nxc5 Bxc5 18.Nd2 f5 19.exf6 Bxf2+ 20.Kxf2 Qc5+ 21.Kg3 Qd6+ 22.Kf2 Qc5+
23.Kg3 Qc7+ 24.Kf2 Qb6+ 25.Kg3 Qd6+  1/2-1/2

[Event "XXV Open"]
[Site "Novi Becej SRB"]
[Date "2007.06.15"]
[Round "7"]
[White "Bodiroga,P"]
[Black "Popovic,PR"]
[Result "1/2-1/2"]
[WhiteElo "2430"]
[BlackElo "2241"]

1.d4 Nf6 2.c4 e6 3.Nf3 d5 4.Nc3 c6 5.e3 Bd6 6.Bd3 Nbd7 7.O-O O-O 8.e4 dxe4
9.Nxe4 Nxe4 10.Bxe4 Nf6 11.Bc2 b6 12.Bg5 Bb7 13.Qd3 g6 14.Rad1 Be7 15.Ne5 Nd7
16.Bf4 Nxe5 17.Bxe5 Bf6 18.Qg3 Bxe5 19.dxe5 Qc7 20.Rd6 Rfd8 21.h4 Qe7 22.Qf4 h5
23.c5 bxc5 24.Rfd1 Rab8 25.R1d2 Ba8 26.g3 Rxd6 27.exd6 Qd7 28.Qf6 Qd8 29.Qc3 Qd7
30.b3 Kh7 31.a4 c4 32.bxc4 c5 33.f3 e5 34.Kg2 Re8 35.Be4 Bxe4 36.fxe4 Qxa4
37.Qd3 Qc6 38.Qf3 Kg8 39.Rd5 Rd8 40.Qd3 Rd7 41.Qd2 a6 42.Kh2 Qb6 43.Kg2 a5
44.Qd1  1/2-1/2

[Event "King's Tournament"]
[Site "Bazna ROM"]
[Date "2007.06.16"]
[Round "1"]
[White "Portisch,L"]
[Black "Khalifman,A"]
[Result "0-1"]
[WhiteElo "2512"]
[BlackElo "2624"]

1.d4 d5 2.c4 c6 3.e3 Nf6 4.Nc3 e6 5.Nf3 a6 6.b3 Bb4 7.Bd2 Nbd7 8.Be2 O-O
9.O-O Bd6 10.Qc2 e5 11.dxe5 Nxe5 12.Rfd1 dxc4 13.bxc4 Qe7 14.Be1 b5 15.Nd4 b4
16.c5 Bxc5 17.Na4 Ba7 18.Rac1 a5 19.Nc5 Rd8 20.Nd3 Bxd4 21.exd4 Nxd3 22.Bxd3 Be6
23.Qb2 Bd5 24.Bd2 Qe6 25.Re1 Qg4 26.Bf1 h6 27.h3 Qg6 28.Bf4 Qf5 29.Bc7 Rdc8
30.Be5 Nd7 31.Bg3 Nf8 32.Re5 Qf6 33.Re3 Ng6 34.Qd2 Rd8 35.Rc5 Rd7 36.Be2 Re7
37.Rxe7 Qxe7 38.Kh2 Nh4 39.Bd3 Ng6 40.f3 Nf8 41.Rc1 Ne6 42.Bb1 Qg5 43.Qc2 Nf8
44.Re1 a4 45.Bd6 b3 46.axb3 axb3 47.Qc3 Qd8 48.Bg3 Ra7 49.Qe3 Rd7 50.Bf2 Rd6
51.Qd2 Re6 52.Rxe6 Nxe6 53.Qd3 Nf8 54.Qc3 Qe7 55.Qd3 Qb4 56.Be3 Qe1 57.Bf4 Bc4
58.Qf5 Qe6 59.Qa5 Qf6 60.Qd2 Ng6 61.Bg3 h5 62.Bc7 h4 63.Qb4 Qxd4 64.Qb8+ Kh7
65.Be5 Qc5 66.f4 Bd5 67.Qd8 Qf2 68.Qg5 Bf3 69.Bc7 c5 70.f5 Nf8 71.f6+ g6
72.Bf4 Ne6 73.Be3 Nxg5 74.Bxf2 Be4  0-1

[Event "XXV Open"]
[Site "Novi Becej SRB"]
[Date "2007.06.16"]
[Round "8"]
[White "Nestorovic,De"]
[Black "Bodiroga,P"]
[Result "1/2-1/2"]
[WhiteElo "2384"]
[BlackElo "2430"]

1.d4 d5 2.c4 c6 3.Nf3 Nf6 4.e3 e6 5.Nc3 a6 6.Qc2 c5 7.cxd5 exd5 8.Be2 Nc6
9.O-O Nb4 10.Qd1 Bf5 11.dxc5 Bxc5 12.Nd4 Be6 13.Bf3 O-O 14.Nce2 Qd6 15.Bd2 Nc6
16.Nxc6 bxc6 17.Qa4 Bd7 18.Rac1 Rfe8 19.Bc3 Ba7  1/2-1/2

[Event "ch-COL w"]
[Site "Cartagena de Indias COL"]
[Date "2007.06.17"]
[Round "6"]
[White "Palao,M"]
[Black "Mateus,Mar"]
[Result "1/2-1/2"]
[WhiteElo "2142"]
[BlackElo "2130"]

1.d4 d5 2.c4 e6 3.Nf3 Nf6 4.Nc3 c6 5.e3 Nbd7 6.Bd3 dxc4 7.Bxc4 b5 8.Bd3 a6
9.O-O c5 10.e4 Bb7 11.d5 c4 12.dxe6 fxe6 13.Bc2 Bc5 14.e5 Bxf3 15.Qxf3 Nxe5
16.Qe2 Neg4 17.Qxe6+ Qe7 18.Qc6+ Kf7 19.Nd5 Qd6 20.Qb7+ Qd7 21.Qxd7+ Nxd7
22.h3 Ngf6 23.Nc3 Rhe8 24.Bd2 Rad8 25.Rad1 Ne5 26.Be3 Bxe3 27.fxe3 Nd3 28.Bxd3 cxd3
29.Rf3 b4 30.Na4 Re5 31.e4 Rxe4  1/2-1/2

[Event "ch-COL"]
[Site "Cartagena de Indias COL"]
[Date "2007.06.17"]
[Round "6"]
[White "Castro,O"]
[Black "Naranjo,S"]
[Result "1-0"]
[WhiteElo "2386"]
[BlackElo "2039"]

1.d4 d5 2.c4 c6 3.Nc3 Nf6 4.Nf3 e6 5.e3 Nbd7 6.Bd3 Bd6 7.e4 dxc4 8.Bxc4 e5
9.dxe5 Nxe5 10.Nxe5 Bxe5 11.Qxd8+ Kxd8 12.Bxf7 Bxc3+ 13.bxc3 Rf8 14.Bc4 Nxe4
15.f3 Nd6 16.Bb3 Kc7 17.O-O c5 18.Re1 c4 19.Bc2 Bf5 20.Bxf5 Nxf5 21.Bf4+ Kc6
22.Re6+ Kd7 23.Re4 Rac8 24.Rd1+ Kc6 25.Re6+ Kb5 26.Rb1+ Kc5 27.Rxb7  1-0

[Event "ch-NED"]
[Site "Hilversum NED"]
[Date "2007.06.17"]
[Round "2"]
[White "Sokolov,Iv NED"]
[Black "Stellwagen,D"]
[Result "1/2-1/2"]
[WhiteElo "2655"]
[BlackElo "2600"]

1.d4 d5 2.c4 c6 3.Nf3 Nf6 4.Nc3 e6 5.e3 Nbd7 6.Be2 dxc4 7.a4 c5 8.Bxc4 cxd4
9.exd4 Be7 10.O-O O-O 11.a5 a6 12.Qe2 b5 13.axb6 Bb7 14.Be3 a5 15.Na4 Bxf3
16.Qxf3 Nxb6 17.Nxb6 Qxb6 18.b3 Qd6 19.Rfd1 Nd5 20.Bd2 Bd8 21.g3 Bb6 22.Ra4 Ra7
23.Kg2 Qd8 24.Rda1 Bxd4 25.Rxa5 Rd7 26.R1a2 Bb6 27.Ra6 Qb8 28.h4 h6 29.R6a4 Rfd8
30.Bb5 Rd6 31.Bf1 R6d7 32.Rg4 Kf8 33.Bc4 Bc5 34.Ba5 Bb6 35.Be1 Nf6 36.Bb4+ Rd6
37.Rf4 Bd4 38.Bxd6+ Qxd6 39.Qb7 g5 40.hxg5 hxg5 41.Rf3 g4 42.Rd3 Qe5 43.Ra8 Rxa8
44.Qxa8+ Kg7 45.Rd2 Ne4 46.Re2 Bxf2 47.Rxe4 Qxg3+ 48.Kf1 Qg1+ 49.Ke2 Qe1+
50.Kd3 Qd1+ 51.Kc3 Be1+ 52.Kb2 Qd2+ 53.Kb1  1/2-1/2

[Event "GM"]
[Site "Perm RUS"]
[Date "2007.06.17"]
[Round "6"]
[White "Tihonov,J"]
[Black "Letov,A"]
[Result "1-0"]
[WhiteElo "2537"]
[BlackElo "2333"]

1.Nf3 d5 2.c4 c6 3.d4 Nf6 4.Nc3 e6 5.e3 Nbd7 6.Qc2 Bd6 7.g4 h6 8.Bd2 b6 9.cxd5 exd5
10.Rg1 Bb7 11.h4 Qe7 12.O-O-O Ne4 13.Be1 Nxc3 14.Bxc3 O-O-O 15.Bd3 Bb4 16.Bxb4 Qxb4
17.Bf5 Kb8 18.Kb1 Qe7 19.Rc1 Nf8 20.Ne5 Rd6 21.Qa4 Qf6 22.Rc2 g6 23.Bd3 Nd7
24.f4 Rc8 25.Qa3 Ka8 26.g5 hxg5 27.hxg5 Qe7 28.Nxf7 Re6 29.Qxe7 Rxe7 30.Ne5 Nxe5
31.dxe5 Rg8 32.Rh1 c5 33.Rh6 Reg7 34.Rch2 Bc8 35.Rh8 Be6 36.Rxg8+ Bxg8 37.Rh6 Bf7
38.e6 Bxe6 39.Rxg6  1-0

[Event "Open"]
[Site "Teplice CZE"]
[Date "2007.06.17"]
[Round "3"]
[White "Cedikova,K"]
[Black "Hruby,Va"]
[Result "1-0"]
[WhiteElo "2184"]
[BlackElo "1860"]

1.d4 d5 2.c4 c6 3.Nc3 Nf6 4.Nf3 e6 5.e3 Nbd7 6.Qc2 Bd6 7.Bd3 O-O 8.O-O dxc4
9.Bxc4 e5 10.Rd1 exd4 11.Rxd4 Qc7 12.Ne4 Nxe4 13.Rxe4 Nf6 14.Rh4 g6 15.b4 Be7
16.Bb2 Be6 17.Bxe6 fxe6 18.Ng5 Qc8 19.Rxh7 Qe8 20.Rh3 Bxb4 21.Nxe6  1-0

[Event "ch-COL"]
[Site "Cartagena de Indias COL"]
[Date "2007.06.19"]
[Round "10"]
[White "Castro,O"]
[Black "Pena,Alf"]
[Result "1/2-1/2"]
[WhiteElo "2386"]
[BlackElo "2255"]

1.d4 d5 2.c4 c6 3.Nc3 Nf6 4.Nf3 e6 5.e3 Nbd7 6.Bd3 Bd6 7.e4 dxe4 8.Nxe4 Nxe4
9.Bxe4 Nf6 10.Bc2 O-O 11.Qd3 Qa5+ 12.Kf1 Qh5 13.Bg5 e5 14.Bxf6 gxf6 15.Re1 Bc7
16.dxe5 Bg4 17.exf6 Rad8 18.Qe4 Bxf3 19.Qxf3 Qxf3 20.gxf3 Rd2 21.Rg1+ Kh8
22.Bf5 Bb6 23.Re2 Rd1+ 24.Kg2 Rg8+ 25.Bg4 Rxg1+ 26.Kxg1 Bd4 27.Re7 h5 28.h3 hxg4
29.fxg4 Rg6 30.Rxf7 Kg8 31.Rd7 c5 32.f7+ Kf8 33.Kg2 Rf6 34.f3 Rxf7 35.Rd8+ Kg7
36.b3 Re7 37.Kg3 Be5+ 38.f4 Bc7 39.Rd3 Rf7 40.Rf3 Kh6 41.h4  1/2-1/2

[Event "zt 2.4"]
[Site "Sao Paulo BRA"]
[Date "2007.06.20"]
[Round "7"]
[White "Vescovi,G"]
[Black "Nina,M"]
[Result "1-0"]
[WhiteElo "2609"]
[BlackElo "2312"]

1.d4 d5 2.c4 c6 3.Nf3 Nf6 4.e3 e6 5.Nc3 Bd6 6.Bd3 Nbd7 7.O-O O-O 8.e4 dxe4
9.Nxe4 Nxe4 10.Bxe4 Nf6 11.Bc2 Re8 12.Bg5 Be7 13.Qd2 g6 14.Rad1 a5 15.h4 a4
16.Rfe1 Ra5 17.Qc3 Ng4 18.Bxe7 Rxe7 19.Qb4 Re8 20.d5 c5 21.Qc3 Qb6 22.d6 Bd7
23.Re4 f5 24.Rxg4 fxg4 25.Ne5 Qb4 26.Nxd7 Qxc3 27.bxc3 Rd8 28.Nf6+ Kg7 29.Nxg4 Ra6
30.d7 a3 31.Ne5 Rb6 32.Bb3 Kf6 33.f4 Ke7 34.Kf2 Rf8 35.Nf7  1-0

[Event "III EUICC"]
[Site "Arvier ITA"]
[Date "2007.06.21"]
[Round "7"]
[White "Ocantos,M"]
[Black "Frontini,F"]
[Result "1-0"]
[WhiteElo "2178"]
[BlackElo "1965"]

1.d4 d5 2.Nf3 Nf6 3.c4 c6 4.Nc3 e6 5.e3 Nbd7 6.Bd3 dxc4 7.Bxc4 b5 8.Bd3 Bb7
9.e4 b4 10.Na4 c5 11.e5 Nd5 12.Nxc5 Bxc5 13.dxc5 Qa5 14.c6 Bxc6 15.O-O Rc8
16.Bc2 Qc5 17.Re1 h6 18.a3 bxa3 19.Rxa3 Bb5 20.Be4 a6 21.Nd4 O-O 22.Rg3 Nxe5
23.Bxh6 g6 24.Nxb5 axb5 25.Bxd5 Qxd5 26.Qxd5 exd5 27.Rxe5 Rc2 28.h4 Rd8 29.Bg5 Rd7
30.Bf6 Kf8 31.Rge3 Rc8 32.Be7+ Rxe7 33.Rxe7 d4 34.Re1 d3 35.Rd7  1-0